[Event "DRUZYNOWE MISTRZOSTWA POLSKI JUNIOROW - II LIGA"]
[Site "Szczyrk, CKiR Orle Gniazdo ul. Wrzosowa 28a"]
[Date "2014-07-30"]
[Round "8.1"]
[White "Tomaszewski, Kacper"]
[Black "Knapik, Andrzej"]
[Result "1-0"]
[WhiteTitle "I++"]
[BlackTitle "I"]
[WhiteElo "2012"]
[BlackElo "1922"]

1. d4 Nf6 2. c4 g6 3. Nc3 Bg7 4. e4 d6 5. Be2 O-O 6. Nf3 e5 7. O-O Nc6 8. d5 Ne7
9. b4 Nh5 10. g3 f5 11. Ng5 Nf6 12. f3 f4 13. Kg2 a5 14. bxa5 Rxa5 15. a4 Bd7
16. Ba3 b6 17. Bb4 Ra8 18. a5 bxa5 19. Rxa5 Rxa5 20. Bxa5 Qc8 21. Nb5 h6 22. Ne6
Bxe6 23. dxe6 Ne8 24. Nxc7 Nc6 25. e7 Rf7 26. Nxe8 Qxe8 27. Bc7 Qxe7 28. Bxd6
Qe6 29. Qd5 Nd4 30. Qxe6 Nxe6 31. c5 Ra7 32. Bc4 Kf7 33. c6 Kf6 34. Bb8 Re7 35.
Rd1 Re8 36. c7 fxg3 37. hxg3 Nxc7 38. Bxc7 Bf8 39. Rd5 1-0

[Event "DRUZYNOWE MISTRZOSTWA POLSKI JUNIOROW - II LIGA"]
[Site "Szczyrk, CKiR Orle Gniazdo ul. Wrzosowa 28a"]
[Date "2014-07-30"]
[Round "8.3"]
[White "Bilczewski, Kacper"]
[Black "Pniaczek, Marek"]
[Result "1-0"]
[WhiteTitle "I"]
[BlackTitle "II+"]
[WhiteElo "1834"]
[BlackElo "1585"]

1. e4 e5 2. f4 exf4 3. Nf3 Ne7 4. Nc3 d5 5. d4 dxe4 6. Nxe4 Ng6 7. h4 Bd6 8. h5
Ne7 9. h6 Nf5 10. hxg7 Nxg7 11. Rh6 Qe7 12. Qe2 Bf5 13. Nxd6+ cxd6 14. Bxf4 Qxe2+
15. Bxe2 Bg6 16. Rh1 Kd7 17. Bb5+ Kc7 18. Kd2 Nd7 19. Rae1 a6 20. Bd3 Rae8 21.
Rxe8 Rxe8 22. Ng5 Nf6 23. c4 Ngh5 24. Rf1 Bxd3 25. Kxd3 Nxf4+ 26. Rxf4 Rg8 27.
Rxf6 Rxg5 28. Rxf7+ Kc6 29. Rf2 b5 30. cxb5+ axb5 31. Ke4 Rg4+ 32. Ke3 Kd5 33.
Rf5+ Kc4 34. b3+ Kc3 35. Rxb5 Rxd4 36. Rb7 Rh4 37. Rd7 Kb2 38. Rxd6 Kxa2 39. Rb6
Kb2 40. g3 Rg4 41. Kf3 Rd4 42. Rb7 h5 43. Rh7 Rd5 44. Kg2 Kxb3 45. Kh3 Rg5 46.
Rf7 Kc4 47. Rf4+ Kd5 48. Kh4 Rg6 49. Rf5+ Ke6 50. Rxh5 Kf7 51. Rf5+ Kg7 52. Rg5
Kh6 53. Rxg6+ Kxg6 54. Kg4 Kg7 55. Kg5 Kf7 56. Kh6 1-0

[Event "DRUZYNOWE MISTRZOSTWA POLSKI JUNIOROW - II LIGA"]
[Site "Szczyrk, CKiR Orle Gniazdo ul. Wrzosowa 28a"]
[Date "2014-07-30"]
[Round "8.5"]
[White "Stebel, Agata"]
[Black "Kasperek, Kinga"]
[Result "1-0"]
[WhiteTitle "I"]
[BlackTitle "I"]
[WhiteElo "1616"]
[BlackElo "1559"]

1. d4 d5 2. c4 e6 3. Nc3 Nf6 4. cxd5 exd5 5. Bg5 Be7 6. Qc2 h6 7. Bh4 Nc6 8. e3
O-O 9. Nf3 Bg4 10. Be2 Bh5 11. O-O Bg6 12. Qb3 Na5 13. Qa4 c6 14. Ne5 Bf5 15.
f4 b5 16. Qd1 Ne4 17. Bxe7 Qxe7 18. Nxe4 Bxe4 19. Qe1 Qc7 20. Rc1 Nc4 21. Bf3
Bxf3 22. Rxf3 Rfe8 23. b3 Nxe5 24. fxe5 Re6 25. Qg3 Rg6 26. Qf4 Re8 27. Rcf1 Re7
28. Rc1 Qa5 29. Rf2 Qb6 30. Qh4 Rd7 31. Rfc2 Rc7 32. Qd8+ Kh7 33. Qh4 Kg8 34.
Rc5 Rd7 35. Qh3 Qb7 36. Qf5 a6 37. Qc2 Rc7 38. Rxd5 cxd5 39. Qxc7 Qxc7 40. Rxc7
Kf8 41. Kf2 Re6 42. Rc5 Ke7 43. Rxd5 Rc6 44. Kf3 Rc2 45. a4 bxa4 46. bxa4 Rc4
47. Ra5 Rc6 48. d5 Rb6 49. Rc5 Kd7 50. a5 Rb4 51. e4 Ra4 52. Kf4 Ra2 53. Kg3 Ra3+
54. Kf2 Ra2+ 55. Kf3 Ra3+ 56. Kf4 Ra2 57. g3 Rxh2 58. Rc6 Rf2+ 59. Ke3 Ra2 60.
Rxa6 Ra3+ 61. Kf4 Rb3 62. Ra7+ Ke8 63. Ra8+ Ke7 64. d6+ Kd7 65. Ra7+ Ke8 66. a6
Rb1 67. Re7+ Kf8 68. a7 Ra1 69. Rb7 1-0

[Event "DRUZYNOWE MISTRZOSTWA POLSKI JUNIOROW - II LIGA"]
[Site "Szczyrk, CKiR Orle Gniazdo ul. Wrzosowa 28a"]
[Date "2014-07-30"]
[Round "8.6"]
[White "Pyzio, Amelia"]
[Black "Robakowska, Paulina"]
[Result "0-1"]
[WhiteTitle "I"]
[BlackTitle "II"]
[WhiteElo "1370"]
[BlackElo "1274"]

1. e4 e6 2. f4 d5 3. e5 c5 4. Bb5+ Bd7 5. Bxd7+ Nxd7 6. Nf3 Ne7 7. O-O h5 8. d3
Nf5 9. c3 Be7 10. Na3 Qb6 11. Nc2 O-O-O 12. Ne3 g6 13. Qb3 h4 14. Qxb6 Nxb6 15.
Nxf5 gxf5 16. Be3 c4 17. Bxb6 axb6 18. Rad1 Bc5+ 19. Kh1 Be7 20. Rfe1 b5 21. a3
Kc7 22. Re2 Rh6 23. Nd4 Kb6 24. Nc2 Rg6 25. Ne3 Rdg8 26. d4 Bf8 27. Rf1 Bh6 28.
Rc2 R6g7 29. Re2 Rg6 30. Ree1 R6g7 31. Rf2 Rh7 32. Ref1 Bf8 33. Rf3 Rhg7 34. R3f2
Rh7 35. Rf3 Rhg7 36. Rh3 Be7 37. Rf2 Bd8 38. Rc2 Be7 39. Rf3 Rg6 40. Re2 R6g7
41. Rc2 Rg6 42. Rf1 R6g7 43. Rcf2 Rh7 44. Rb1 Kc6 45. Nc2 h3 46. g3 Ra8 47. Rff1
Ra6 48. Ne1 Rh8 49. Nf3 Kd7 50. Ra1 Ra4 51. Rfb1 Ra6 52. Ra2 Kc6 53. Rba1 Kb6
54. Kg1 Rha8 55. Ne1 b4 56. cxb4 Bxb4 57. Nc2 Be7 58. Kf2 Kb5 59. Kf3 Ka4 60.
g4 Kb3 61. Ne3 fxg4+ 62. Kxg4 Rh8 63. Kf3 Rha8 64. Kg4 Rh8 65. Kf3 Rha8 66. Kg3
Rh8 67. Kg4 Rh4+ 68. Kf3 Rh8 69. Kg3 Bh4+ 70. Kf3 Be7 71. Ke2 Rha8 72. Kf3 Rg8
73. Kf2 Bh4+ 74. Kf1 f5 75. exf6 Bxf6 76. f5 Bxd4 77. Ke2 exf5 78. Nd1 Rg2+ 79.
Kf1 Rxh2 80. a4 Bxb2 81. Nxb2 Rxb2 82. Rxb2+ Kxb2 83. Re1 Rxa4 84. Kg1 Ra1 0-1

[Event "DRUZYNOWE MISTRZOSTWA POLSKI JUNIOROW - II LIGA"]
[Site "Szczyrk, CKiR Orle Gniazdo ul. Wrzosowa 28a"]
[Date "2014-07-30"]
[Round "8.7"]
[White "Ogonowski, Jakub"]
[Black "Ulanowski, Karol"]
[Result "1-0"]
[WhiteTitle "I+"]
[BlackTitle "k"]
[WhiteElo "1853"]
[BlackElo "2124"]

1. e4 c5 2. Nf3 d6 3. d4 cxd4 4. Nxd4 Nf6 5. Nc3 a6 6. Be2 e6 7. f4 Be7 8. Be3
Qc7 9. a4 O-O 10. O-O b6 11. Qe1 Bb7 12. Bf3 Nbd7 13. Qg3 Nc5 14. e5 Nfe4 15.
Nxe4 Bxe4 16. b4 Bxf3 17. bxc5 dxe5 18. Nxf3 exf4 19. cxb6 fxg3 20. bxc7 gxh2+
21. Nxh2 Rac8 22. Bb6 Bd6 23. c4 Bxc7 24. c5 Be5 25. Rad1 Bc3 26. Rd3 Bb4 27.
Rc1 Rc6 28. Nf3 Rfc8 29. Rc4 Bxc5+ 30. Rxc5 Rxc5 31. Bxc5 f6 32. Bb6 1-0

[Event "DRUZYNOWE MISTRZOSTWA POLSKI JUNIOROW - II LIGA"]
[Site "Szczyrk, CKiR Orle Gniazdo ul. Wrzosowa 28a"]
[Date "2014-07-30"]
[Round "8.8"]
[White "Wyczling, Bartosz"]
[Black "Kaczkowski, Maciej"]
[Result "0-1"]
[WhiteTitle "I"]
[BlackTitle "II"]
[WhiteElo "1766"]
[BlackElo "1635"]

1. d4 Nf6 2. Nf3 c5 3. d5 d6 4. c4 a6 5. Nc3 b5 6. cxb5 axb5 7. Bg5 Nbd7 8. e3
b4 9. Nb1 g6 10. Bc4 Bg7 11. Nbd2 O-O 12. e4 Ng4 13. Qc2 Nge5 14. Be2 Re8 15.
O-O Nxf3+ 16. Nxf3 Ne5 17. Nxe5 Bxe5 18. f4 Bd4+ 19. Kh1 Qb6 20. f5 Ra5 21. fxg6
hxg6 22. Qb3 Ba6 23. Qf3 f6 24. Bc1 Bxe2 25. Qxe2 Qa6 26. Qd1 Kg7 27. Rf3 Rh8
28. Qd3 Qxd3 29. Rxd3 Rh4 30. g3 Rxe4 31. Rb3 Re2 32. h3 Ra8 33. a4 bxa3 0-1

[Event "DRUZYNOWE MISTRZOSTWA POLSKI JUNIOROW - II LIGA"]
[Site "Szczyrk, CKiR Orle Gniazdo ul. Wrzosowa 28a"]
[Date "2014-07-30"]
[Round "8.9"]
[White "Baum, Jonasz"]
[Black "Belczewski, Jacek"]
[Result "1/2-1/2"]
[WhiteTitle "II+"]
[BlackTitle "I"]
[WhiteElo "1632"]
[BlackElo "1753"]

1. e4 e6 2. Nf3 d5 3. Nc3 Nf6 4. e5 Nfd7 5. d4 c5 6. dxc5 Nxc5 7. Bf4 Nc6 8. Be2
Be7 9. O-O O-O 10. Nb5 a6 11. Nbd4 Qc7 12. c3 b6 13. Bd3 Nxd3 14. Qxd3 Bb7 15.
Nxc6 Bxc6 16. Nd4 Rfc8 17. Rae1 Bc5 18. Rc1 Qd7 19. Qg3 Rc7 20. Bh6 Bf8 21. Rfe1
Kh8 22. Bf4 Rac8 23. Re3 Bc5 24. Qh4 Be7 25. Qh5 Qe8 26. Rh3 Qg8 27. Re1 Be8 28.
Ree3 f5 29. Qe2 Bc5 30. Rd3 Bxd4 31. Rxd4 Rc4 32. Qd2 Bg6 33. Be3 Qd8 34. Rxc4
Rxc4 35. Bd4 b5 36. b3 Rc8 37. f4 a5 38. Re3 Be8 39. a3 Qc7 40. Re1 Bd7 41. Rd1
Qb7 42. Rc1 Qc7 43. Rd1 Qc6 44. Re1 Ra8 45. Rc1 Kg8 46. h3 Be8 47. Qe1 Rc8 48.
Rb1 Rc7 49. Qd2 Bd7 50. Qe1 Bc8 51. Qd2 Ba6 52. Qd1 Qe8 53. Qd2 Qc8 54. Rb2 Rc6
55. Kh2 Qd8 56. Qf2 Qc7 57. Qd2 Qe7 58. Ra2 h6 59. Qf2 Rc8 60. g3 Kh7 61. Ra1
g5 62. b4 a4 63. Rg1 Rg8 64. Bc5 Qf7 65. Qe2 Rg7 66. Qd1 Bb7 67. Bd4 Bc6 68. Qe2
Qg8 69. Qd1 Be8 70. Qe2 h5 71. Bf2 Qf7 72. h4 gxh4 73. gxh4 Rg4 74. Qe3 Qg7 75.
Bg3 Qc7 76. Qd4 Bd7 77. Bf2 Be8 78. Bg3 Bd7 79. Bf2 1/2-1/2

[Event "DRUZYNOWE MISTRZOSTWA POLSKI JUNIOROW - II LIGA"]
[Site "Szczyrk, CKiR Orle Gniazdo ul. Wrzosowa 28a"]
[Date "2014-07-30"]
[Round "8.10"]
[White "Lipiak, Mateusz"]
[Black "Czernek, Tymon"]
[Result "0-1"]
[WhiteTitle "I"]
[BlackTitle "II"]
[WhiteElo "1541"]
[BlackElo "1508"]

1. e4 c5 2. Nf3 d6 3. d4 cxd4 4. Nxd4 Nf6 5. Nc3 a6 6. f3 e5 7. Nb3 Be7 8. Be3
Be6 9. Qd2 Nbd7 10. O-O-O b5 11. g4 Rc8 12. Kb1 Nb6 13. Qf2 Nfd7 14. h4 Nc4 15.
Bc1 Na5 16. Bd2 Nc4 17. Bc1 Na5 18. Bd2 Nc4 19. Bc1 Na5 20. Bd2 Nc4 21. Bc1 Na5
22. Bd2 Nc4 23. Bc1 Na3+ 24. bxa3 Rxc3 25. Bd2 Rc6 26. Na5 Rc8 27. Bb4 Nc5 28.
g5 Na4 29. Qd2 Qc7 30. Be2 Nc3+ 31. Qxc3 Qxc3 32. Bxc3 Rxc3 33. Kb2 Rc7 34. Rc1
h6 35. gxh6 Rxh6 36. h5 Bg5 37. Rcg1 f6 38. Rg2 Bf7 39. Rgh2 Bf4 40. Rh4 Be6 41.
Rg1 g5 42. Rhh1 Bxa2 43. Nb3 Bxb3 44. cxb3 Rch7 45. Bf1 Rxh5 46. Bg2 Rh2 0-1

[Event "DRUZYNOWE MISTRZOSTWA POLSKI JUNIOROW - II LIGA"]
[Site "Szczyrk, CKiR Orle Gniazdo ul. Wrzosowa 28a"]
[Date "2014-07-30"]
[Round "8.11"]
[White "Reda, Patrycja"]
[Black "Olechnicka, Karolina"]
[Result "0-1"]
[WhiteTitle "I"]
[BlackTitle "I++"]
[WhiteElo "1432"]
[BlackElo "1723"]

1. e4 c5 2. Nf3 d6 3. d4 cxd4 4. Nxd4 Nf6 5. Nc3 a6 6. f3 e6 7. Be3 b5 8. Qd2 Nbd7
9. Be2 Bb7 10. O-O b4 11. Nd1 d5 12. exd5 Nxd5 13. Bf2 Bd6 14. c4 bxc3 15. Nxc3
Bf4 16. Qd1 Ne3 17. Bxe3 Bxe3+ 18. Kh1 Qh4 19. Nxe6 fxe6 20. Qd6 Qe7 21. Qd3 Ba7
22. Ne4 O-O 23. Ng5 Qxg5 24. Qxd7 Bd5 25. Qa4 Rf4 26. Qxa6 Rh4 27. g4 Qxg4 0-1

[Event "DRUZYNOWE MISTRZOSTWA POLSKI JUNIOROW - II LIGA"]
[Site "Szczyrk, CKiR Orle Gniazdo ul. Wrzosowa 28a"]
[Date "2014-07-30"]
[Round "8.12"]
[White "Zalewska, Katarzyna"]
[Black "Tarka, Aleksandra"]
[Result "1-0"]
[WhiteTitle "I"]
[BlackTitle "I"]
[WhiteElo "1360"]
[BlackElo "1352"]

1. d4 Nf6 2. Nf3 d5 3. c4 e6 4. cxd5 exd5 5. Nc3 Be7 6. Bf4 Nbd7 7. e3 O-O 8. Be2
b6 9. O-O Bb7 10. Rc1 c5 11. Qc2 Ne4 12. Rfd1 Nxc3 13. Qxc3 Rc8 14. Qd2 Nf6 15.
Bd3 Ne4 16. Qe2 f5 17. Ba6 Bxa6 18. Qxa6 Ra8 19. dxc5 bxc5 20. Qe6+ Kh8 21. Rxd5
Qe8 22. Rxf5 Rxf5 23. Qxf5 Nf6 24. Be5 Qf8 25. h3 Rc8 26. Qe6 h6 27. Nh4 Kh7 28.
Qf5+ Kg8 29. Ng6 Qf7 30. Nxe7+ Qxe7 31. Qxc8+ 1-0

[Event "DRUZYNOWE MISTRZOSTWA POLSKI JUNIOROW - II LIGA"]
[Site "Szczyrk, CKiR Orle Gniazdo ul. Wrzosowa 28a"]
[Date "2014-07-30"]
[Round "8.13"]
[White "Madej, Roman"]
[Black "Teclaf, Pawel"]
[Result "1-0"]
[WhiteTitle "I"]
[BlackTitle "CM"]
[WhiteElo "1756"]
[BlackElo "1979"]

1. Nf3 Nf6 2. b3 d6 3. Bb2 e5 4. d3 Be7 5. Nbd2 h6 6. e4 O-O 7. Be2 c5 8. O-O Nc6
9. h3 Re8 10. Re1 Bf8 11. Bf1 g6 12. g3 b6 13. Bg2 Bb7 14. c3 Qc7 15. d4 Rad8
16. d5 Ne7 17. c4 Bg7 18. Nh2 Nd7 19. Qc2 Rf8 20. f4 f5 21. exf5 Nxf5 22. g4 Nh4
23. Nhf3 Nxg2 24. Kxg2 Rxf4 25. Qxg6 Rdf8 26. Rf1 R8f7 27. Rae1 Nf8 28. Qc2 Qd8
29. Ne4 Ng6 30. Neg5 e4 31. Nxf7 exf3+ 32. Rxf3 Nh4+ 33. Kh1 Rxf7 34. Rxf7 Kxf7
35. Qh7 Qg5 36. Rf1+ Ke8 37. Qg8+ 1-0

[Event "DRUZYNOWE MISTRZOSTWA POLSKI JUNIOROW - II LIGA"]
[Site "Szczyrk, CKiR Orle Gniazdo ul. Wrzosowa 28a"]
[Date "2014-07-30"]
[Round "8.14"]
[White "Krawiec, Grzegorz"]
[Black "Golenia, Jan"]
[Result "1-0"]
[WhiteTitle "II"]
[BlackTitle "II+"]
[WhiteElo "1564"]
[BlackElo "1624"]

1. e4 c5 2. Nf3 Nc6 3. Nc3 d6 4. d4 cxd4 5. Nxd4 g6 6. Be3 Bg7 7. Qd2 Bd7 8. f3
Rc8 9. Be2 Qa5 10. O-O-O Nb4 11. Kb1 Nc6 12. g4 a6 13. Nd5 Qxd2 14. Rxd2 Nxd4
15. Bxd4 Bxd4 16. Rxd4 Bc6 17. Ne3 Nf6 18. h4 h6 19. Bc4 h5 20. g5 Nd7 21. Bd5
O-O 22. c4 Nc5 23. Bxc6 bxc6 24. b3 Rb8 25. Kc2 a5 26. Rb1 Rb7 27. Nf1 Rfb8 28.
Rdd1 Ne6 29. Rd2 Kf8 30. Kc3 Nc5 31. Rdd1 Na4+ 32. Kc2 Nc5 33. Kc3 Rb4 34. Nd2
R4b7 35. Nf1 Ne6 36. Rd2 Nc5 37. Rdd1 Kg7 38. Nd2 Ne6 39. Rf1 Nf4 40. Rf2 e6 41.
a3 c5 42. Nf1 d5 43. exd5 exd5 44. cxd5 Nxd5+ 45. Kc4 Nf4 46. Rd2 Ne6 47. Ng3
Nd4 48. Rd3 Rc7 49. Rb2 Ne6 50. Ne4 a4 51. Rbd2 axb3 52. Rxb3 Rxb3 53. Kxb3 Nd4+
54. Kc4 Nxf3 55. Rd8 Ra7 56. Nf6 Rxa3 57. Rg8# 1-0

[Event "DRUZYNOWE MISTRZOSTWA POLSKI JUNIOROW - II LIGA"]
[Site "Szczyrk, CKiR Orle Gniazdo ul. Wrzosowa 28a"]
[Date "2014-07-30"]
[Round "8.15"]
[White "Golenia, Wojciech"]
[Black "Lewandowski, Wiktor"]
[Result "1-0"]
[WhiteTitle "II+"]
[BlackTitle "II"]
[WhiteElo "1700"]
[BlackElo "1357"]

1. e4 c5 2. Nf3 a6 3. c3 e6 4. d4 d5 5. exd5 exd5 6. Be2 Bd6 7. O-O Ne7 8. Nbd2
O-O 9. dxc5 Bxc5 10. Nb3 Bb6 11. Bf4 Nbc6 12. Re1 Bf5 13. Qd2 Qd7 14. Rad1 Rfd8
15. Nh4 Be6 16. Bd3 Rac8 17. Qc2 g6 18. Qd2 Re8 19. Bh6 Kh8 20. Bg5 Ng8 21. Nf3
Qc7 22. Bf4 Qd7 23. Be3 Bxe3 24. Rxe3 Qd6 25. Rde1 Rf8 26. Ng5 Bd7 27. Rd1 Nce7
28. Nd4 Kg7 29. Be2 h6 30. Ngf3 Nf6 31. Bd3 b5 32. Rde1 Nfg8 33. Ne5 Rcd8 34.
a3 Rc8 35. Nxd7 Qxd7 36. Qe2 Qd6 37. Rxe7 Nxe7 38. Qxe7 Qxe7 39. Rxe7 Rfe8 40.
Rxe8 Rxe8 41. Kf1 Kf6 42. Nc6 Ke6 43. Nb4 Ra8 44. Be2 a5 45. Nxd5 Rb8 46. Nc7+
Kd7 47. Nxb5 f5 48. b4 axb4 49. cxb4 Kc6 50. Ke1 g5 51. Nd4+ Kd5 52. Nxf5 Rh8
53. Kd2 Kc6 54. Kc3 Kb6 55. Nd6 Rd8 56. Nc4+ Ka7 57. a4 Rc8 58. b5 Rb8 59. Kb4
Re8 60. Ne3 Kb6 61. a5+ Ka7 62. b6+ Kb8 63. a6 Re4+ 64. Ka5 Re5+ 65. Bb5 h5 66.
Nc4 Rf5 67. a7+ Ka8 68. Ka6 Rf6 69. Ne5 g4 70. Nc6 Rf7 71. Nd8 Rf6 72. Bc6+ Rxc6
73. Nxc6 g3 74. b7# 1-0

[Event "DRUZYNOWE MISTRZOSTWA POLSKI JUNIOROW - II LIGA"]
[Site "Szczyrk, CKiR Orle Gniazdo ul. Wrzosowa 28a"]
[Date "2014-07-30"]
[Round "8.16"]
[White "Fiedorek, Michal"]
[Black "Gawor, Jan Pawel"]
[Result "1-0"]
[WhiteTitle "II"]
[BlackTitle "II"]
[WhiteElo "1405"]
[BlackElo "1551"]

1. e4 c5 2. Nf3 Nc6 3. d4 cxd4 4. Nxd4 Nf6 5. Nc3 e5 6. Ndb5 d6 7. Bg5 a6 8. Na3
b5 9. Nd5 Be7 10. Bxf6 Bxf6 11. c4 b4 12. Nc2 a5 13. Qf3 Be6 14. Rd1 Bxd5 15.
Rxd5 Ne7 16. Rd3 Qc7 17. b3 Bg5 18. g3 Bh6 19. Qg4 g6 20. h4 Bg7 21. h5 Rd8 22.
Bh3 a4 23. O-O axb3 24. axb3 Qc5 25. Kg2 Rg8 26. f4 f5 27. exf5 gxf5 28. Qe2 exf4
29. Rxf4 Be5 30. Rf1 f4 31. g4 Qc6+ 32. Qf3 Qxf3+ 33. Kxf3 Nc6 34. Rd5 Rb8 35.
Re1 Kf7 36. Ke4 Rge8 37. Rf1 Kg7 38. g5 Re7 39. Bf5 Rf7 40. Be6 Re7 41. Bf5 Ree8
42. Bd7 Ne7 43. Rxe5 dxe5 44. Bxe8 Rxe8 45. Kxe5 Nc6+ 46. Kd5 Na5 47. Nxb4 Rd8+
48. Ke4 Re8+ 49. Kd5 Rd8+ 50. Ke4 Re8+ 51. Kf5 Nxb3 52. Rxf4 Rf8+ 53. Kg4 Rb8
54. Nd5 Nd2 55. h6+ Kg8 56. Ne7+ Kh8 57. c5 Re8 58. c6 Ne4 59. c7 Nd6 60. Rd4
Rf8 61. Kh5 Re8 62. Rxd6 Rg8 63. Rd8 Rxd8 64. cxd8=Q# 1-0

[Event "DRUZYNOWE MISTRZOSTWA POLSKI JUNIOROW - II LIGA"]
[Site "Szczyrk, CKiR Orle Gniazdo ul. Wrzosowa 28a"]
[Date "2014-07-30"]
[Round "8.17"]
[White "Tracz, Marcelina"]
[Black "Maciak, Gabriela"]
[Result "1-0"]
[WhiteTitle "I++"]
[BlackTitle "II"]
[WhiteElo "1760"]
[BlackElo "1385"]

1. e4 c5 2. Nf3 a6 3. d4 cxd4 4. Nxd4 Nf6 5. Nc3 e5 6. Nb3 Bb4 7. Bd3 d5 8. exd5
Bxc3+ 9. bxc3 Qxd5 10. O-O O-O 11. c4 Qc6 12. Bb2 Nbd7 13. f3 a5 14. Kh1 b6 15.
Qe1 Re8 16. Qg3 Bb7 17. Rfe1 a4 18. Nd2 Qc5 19. a3 h6 20. Qh4 Nb8 21. Re2 Nc6
22. Ne4 Nxe4 23. Qxe4 g6 24. Rae1 Re6 25. Qh4 g5 26. Qe4 Kf8 27. Qh7 Nd4 28. Bxd4
Qxd4 29. Rxe5 Rxe5 30. Qh8+ Ke7 31. Rxe5+ Kd6 32. Qf6+ Kc7 33. Re7+ Qd7 34. Qe5+
Kd8 35. Rxd7+ Kxd7 36. Bf5+ Kd8 37. Qd6+ Ke8 38. Bd7+ Kd8 39. Bc6+ 1-0

[Event "DRUZYNOWE MISTRZOSTWA POLSKI JUNIOROW - II LIGA"]
[Site "Szczyrk, CKiR Orle Gniazdo ul. Wrzosowa 28a"]
[Date "2014-07-30"]
[Round "8.18"]
[White "Karykowska, Anna"]
[Black "Debowska, Michalina"]
[Result "1-0"]
[WhiteTitle "I+"]
[BlackTitle "II"]
[WhiteElo "1528"]
[BlackElo "1453"]

1. e4 c5 2. Nf3 Nc6 3. d4 cxd4 4. Nxd4 g6 5. c4 Bg7 6. Be3 Nf6 7. Nc3 O-O 8. Be2
d6 9. Qd2 Ng4 10. Bxg4 Bxg4 11. O-O a6 12. Nd5 Rc8 13. f3 Bd7 14. Rac1 f5 15.
exf5 Bxf5 16. Nxf5 Rxf5 17. b3 Qf8 18. Rce1 Be5 19. f4 Bg7 20. Bf2 Bh6 21. Be3
Rf7 22. Rf3 e6 23. Nb6 Rd8 24. Ref1 Ne7 25. Qf2 Nf5 26. Bc1 Bg7 27. Bb2 Bxb2 28.
Qxb2 Qg7 29. Qxg7+ Kxg7 30. Rd1 Kf6 31. Rfd3 Ke7 32. g3 Rff8 33. Re1 Kf7 34. Red1
Ke7 35. b4 h6 36. h4 h5 37. Kf2 Rg8 38. a4 Rgf8 39. a5 Rfe8 40. Rb1 Kf6 41. Re1
Kf7 42. Re2 Ne7 43. b5 Kf6 44. bxa6 bxa6 45. c5 dxc5 46. Nd7+ Kf7 47. Nxc5 Rxd3
48. Nxd3 Nc6 49. Nc5 Nxa5 50. Ra2 Nc4 51. Ra4 Nb6 52. Rxa6 Nd5 53. Ne4 Re7 54.
Ng5+ Kf6 55. Ne4+ Kf7 56. Ra5 Rd7 57. Ra8 Nb6 58. Ra6 Nd5 59. Ng5+ Ke8 60. Rxe6+
Ne7 61. Ne4 Kf7 62. Rf6+ Kg7 63. Ra6 Rb7 64. Ra2 Nf5 65. Rc2 1-0

[Event "DRUZYNOWE MISTRZOSTWA POLSKI JUNIOROW - II LIGA"]
[Site "Szczyrk, CKiR Orle Gniazdo ul. Wrzosowa 28a"]
[Date "2014-07-30"]
[Round "8.19"]
[White "Kanicki, Krzysztof"]
[Black "Tomczak, Mikolaj"]
[Result "1/2-1/2"]
[WhiteTitle "I+"]
[BlackTitle "k"]
[WhiteElo "2028"]
[BlackElo "2158"]

1. e4 c5 2. Nf3 d6 3. d4 cxd4 4. Nxd4 Nf6 5. Nc3 a6 6. Be2 e6 7. O-O Nbd7 8. f4
b5 9. Bf3 Bb7 10. e5 Bxf3 11. Nxf3 dxe5 12. fxe5 Ng4 13. Qe2 b4 14. Na4 Rc8 15.
Qxa6 Ra8 16. Qc6 Qc8 17. Qxc8+ Rxc8 18. Bf4 Nb6 19. Nxb6 Bc5+ 20. Kh1 Bxb6 21.
h3 Nf2+ 22. Kh2 Rxc2 23. Rac1 Rxc1 24. Rxc1 Kd7 25. Bg3 Ra8 26. Bxf2 Bxf2 27.
Rc4 Rxa2 28. Rxb4 h6 29. Rb7+ Ke8 30. Rb8+ Ke7 31. Rb7+ Ke8 32. Rb8+ Ke7 33. Rb7+
Ke8 34. Rb8+ Ke7 35. Rb7+ Ke8 36. Rb8+ Ke7 37. Rb7+ Ke8 38. Rb8+ Ke7 39. Rb7+
Ke8 40. Rb8+ Ke7 41. Rb7+ 1/2-1/2

[Event "DRUZYNOWE MISTRZOSTWA POLSKI JUNIOROW - II LIGA"]
[Site "Szczyrk, CKiR Orle Gniazdo ul. Wrzosowa 28a"]
[Date "2014-07-30"]
[Round "8.20"]
[White "Pilzak, Marcin"]
[Black "Marko, Piotr"]
[Result "1-0"]
[WhiteTitle "I++"]
[BlackTitle "II"]
[WhiteElo "1974"]
[BlackElo "1628"]

1. e4 e5 2. f4 Bc5 3. Nf3 d6 4. c3 Nf6 5. d4 exd4 6. cxd4 Bb6 7. Nc3 O-O 8. e5
dxe5 9. fxe5 Nd5 10. Be2 c5 11. Bg5 Nxc3 12. Bxd8 Nxd1 13. Bxb6 Ne3 14. Bxc5 Nc2+
15. Kd2 Nxa1 16. Bxf8 Kxf8 17. Rxa1 Nd7 18. Bc4 Nb6 19. Bb3 Bf5 20. Ng5 Rd8 21.
Ke3 Nd5+ 22. Bxd5 Rxd5 23. Rf1 Bg6 24. Nxf7 Ke7 25. Nd6 Ra5 26. a3 Ke6 27. Nxb7
Rb5 28. Nc5+ Kd5 29. b3 Rb8 30. g4 a5 31. h4 a4 32. h5 Be8 33. b4 g6 34. hxg6
Bxg6 35. Nxa4 h5 36. Rf6 hxg4 37. Rxg6 Rh8 38. Nb6# 1-0

[Event "DRUZYNOWE MISTRZOSTWA POLSKI JUNIOROW - II LIGA"]
[Site "Szczyrk, CKiR Orle Gniazdo ul. Wrzosowa 28a"]
[Date "2014-07-30"]
[Round "8.21"]
[White "Miszkielo, Bartosz"]
[Black "Nowak, Mikolaj"]
[Result "0-1"]
[WhiteTitle "I"]
[BlackTitle "I"]
[WhiteElo "1678"]
[BlackElo "1717"]

1. e4 c6 2. d4 d5 3. Nd2 dxe4 4. Nxe4 Bf5 5. Ng3 Bg6 6. h4 h6 7. Nh3 e5 8. dxe5
Qa5+ 9. c3 Qxe5+ 10. Be2 Nf6 11. O-O Bc5 12. Bf4 Qd5 13. b4 Be7 14. Bxb8 Qxd1
15. Raxd1 Rxb8 16. Nf4 Bh7 17. Bc4 O-O 18. h5 Rfd8 19. Rxd8+ Rxd8 20. Ng6 Bd6
21. Rd1 Ng4 22. Rd4 Bxg6 23. hxg6 Ne5 24. gxf7+ Kf8 25. Bb3 Nxf7 26. Bxf7 Kxf7
27. Nf5 Bc7 28. Rxd8 Bxd8 29. Nd6+ Ke6 30. Nxb7 Bb6 31. a4 Kd5 32. a5 Bc7 33.
f3 Kc4 34. Nc5 Kxc3 35. Ne6 Bd6 36. Nd8 Bxb4 37. Nxc6 Kc4 38. Kf1 Bc5 39. Ke2
Kb5 40. Nd8 Be7 41. Ne6 Bf6 42. Kd3 Kxa5 43. Kc4 Kb6 44. g4 g5 45. Nc5 Kc6 46.
Ne4 Ba1 47. Ng3 Bg7 48. Nf5 Bf8 49. Nd4+ Kd6 50. Nb5+ Ke5 51. Nxa7 Kf4 52. Nc6
Bg7 53. Nd8 Kxf3 0-1

[Event "DRUZYNOWE MISTRZOSTWA POLSKI JUNIOROW - II LIGA"]
[Site "Szczyrk, CKiR Orle Gniazdo ul. Wrzosowa 28a"]
[Date "2014-07-30"]
[Round "8.22"]
[White "Dembinski, Bartosz"]
[Black "Tokarz, Krzysztof"]
[Result "1/2-1/2"]
[WhiteTitle "II"]
[BlackTitle "II"]
[WhiteElo "1261"]
[BlackElo "1485"]

1. e4 e6 2. d4 d5 3. exd5 exd5 4. Bd3 Bd6 5. c3 Ne7 6. Bg5 O-O 7. Nf3 f6 8. Bh4
Bf5 9. Bg3 Bxd3 10. Qxd3 Re8 11. O-O c6 12. Nbd2 Ng6 13. Bxd6 Qxd6 14. Rae1 Nd7
15. g3 Ndf8 16. Re3 Re6 17. Rfe1 Rae8 18. Nf1 Qd7 19. Rxe6 Rxe6 20. Rxe6 Qxe6
21. Kg2 Qg4 22. Qe3 Qe6 23. Qxe6+ Nxe6 24. Ne3 Ne7 25. Nd2 b6 26. b4 a6 27. Nb3
g6 28. a4 Nc7 29. g4 Nc8 30. a5 Nb5 31. axb6 Nxb6 32. Na5 Na7 33. Kg3 Na4 34.
Nd1 Kf7 35. Kf4 g5+ 36. Ke3 Kg6 37. Kd2 f5 38. f3 h5 39. h3 hxg4 40. hxg4 fxg4
41. fxg4 Kf6 42. Kc2 Ke6 43. Kb3 Nb6 44. Nf2 Nd7 45. Nd3 Kd6 46. Nb7+ Kc7 47.
Nbc5 Nf6 48. Ne5 Kd6 49. Nxa6 Ne4 50. Nc5 Nb5 51. Na4 Nexc3 52. Nf7+ Ke7 53. Nxg5
Nxa4 54. Kxa4 Nxd4 55. Ka5 Nc2 56. Kb6 Nxb4 57. Kc5 Nd3+ 58. Kxc6 Ne5+ 59. Kxd5
Nxg4 60. Ke4 1/2-1/2

[Event "DRUZYNOWE MISTRZOSTWA POLSKI JUNIOROW - II LIGA"]
[Site "Szczyrk, CKiR Orle Gniazdo ul. Wrzosowa 28a"]
[Date "2014-07-30"]
[Round "8.23"]
[White "Rogacka, Natalia"]
[Black "Glapa, Anna"]
[Result "0-1"]
[WhiteTitle "II+"]
[BlackTitle "I++"]
[WhiteElo "1509"]
[BlackElo "1680"]

1. e4 c5 2. Nf3 Nc6 3. d4 cxd4 4. Nxd4 g6 5. Nc3 Bg7 6. Be3 Nf6 7. f3 O-O 8. Qd2
d5 9. O-O-O dxe4 10. Nxc6 Qxd2+ 11. Rxd2 bxc6 12. Nxe4 Nd5 13. Bd4 Bh6 14. g4
Bxd2+ 15. Nxd2 Re8 16. h4 e5 17. Bc5 f5 18. gxf5 Bxf5 19. Bc4 Kg7 20. h5 gxh5
21. Rxh5 Bg6 22. Rh1 Nb6 23. Re1 Rad8 24. Bb3 Rd7 25. Nc4 Nxc4 26. Bxc4 Bf7 27.
Rg1+ Kf6 28. Bd3 Bxa2 29. Rh1 Bg8 30. Rh6+ Kg7 31. Rxc6 Bd5 32. Ra6 Bxf3 33. Rxa7
Rxa7 34. Bxa7 e4 35. Bd4+ Kh6 36. Be3+ Kh5 37. Bb5 Rb8 38. c4 Be2 39. b3 Kg4 40.
Kd2 Kf3 41. Bg5 Rg8 42. Be7 e3+ 43. Kc3 Rb8 44. Bc6+ Kf2 45. Bh4+ Kf1 46. b4 Bg4
47. b5 e2 48. Kb4 Be6 49. Kc5 Rg8 50. Bf3 Rc8+ 51. Bc6 Rg8 52. Bf3 Rc8+ 53. Bc6
Rf8 54. Bd5 Bxd5 55. cxd5 Rf4 56. b6 Rxh4 57. b7 e1=Q 58. b8=Q Qc3+ 59. Kd6 Qg3+
0-1